Les Réseaux de Métro du Monde sur une Carte - Statistiques

Statistiques générales
  • Ce quiz a été pris 38 fois
    37 depuis la dernière actualisation
  • Le résultat moyen est 108 sur 201
Réponses sur la Carte
Les réponses sont colorées sur une échelle allant du rouge au vert en fonction du pourcentage des utilisateurs qui les ont devinées à leur premier essai. Vous pouvez retrouver ces pourcentages ci-dessous.
 
Statistiques - réponses
Continent Année d'Ouverture Réponse % Correct
Afrique 2011 Alger
97%
Europe 1904 Athènes
97%
Europe 1924 Barcelone
97%
Europe 1902 Berlin
97%
Asie 1989 Istanbul
97%
Afrique 1987 Le Caire
97%
Europe 1983 Lille
97%
Europe 1959 Lisbonne
97%
Europe 1919 Madrid
97%
Amérique 1969 Mexico
97%
Amérique 1984 Miami
97%
Amérique 1904 New York
97%
Europe 1900 Paris
97%
Asie 1971 Pékin
97%
Asie 1997 Ankara
94%
Amérique 1901 Boston
94%
Asie 2002 Delhi
94%
Europe 1863 Londres
94%
Amérique 1993 Los Angeles
94%
Europe 1974 Lyon
94%
Europe 1977 Marseille
94%
Europe 1964 Milan
94%
Amérique 1966 Montréal
94%
Europe 1971 Munich
94%
Europe 1955 Rome
94%
Europe 1955 Saint-Pétersbourg
94%
Amérique 1954 Toronto
94%
Europe 1993 Toulouse
94%
Europe 2006 Turin
94%
Europe 1977 Amsterdam
91%
Amérique 2001 Brasilia
91%
Europe 1976 Bruxelles
91%
Amérique 1895 Chicago
91%
Asie 2009 Dubaï
91%
Europe 1982 Helsinki
91%
Europe 1960 Kiev
91%
Europe 1935 Moscou
91%
Europe 1966 Oslo
91%
Europe 2002 Rennes
91%
Amérique 1979 Rio de Janeiro
91%
Océanie 2019 Sydney
91%
Asie 1927 Tokyo
91%
Europe 1995 Varsovie
91%
Amérique 1913 Buenos Aires
88%
Europe 1896 Glasgow
88%
Europe 1912 Hambourg
88%
Afrique 2023 Lagos
88%
Amérique 1975 Santiago
88%
Asie 1993 Shanghai
88%
Europe 1950 Stockholm
88%
Asie 2000 Téhéran
88%
Amérique 1985 Vancouver
88%
Europe 1976 Vienne
88%
Amérique 1976 Washington
88%
Europe 1896 Budapest
85%
Europe 2002 Copenhague
85%
Amérique 2011 Lima
85%
Europe 1993 Naples
85%
Asie 1933 Osaka
85%
Europe 1974 Prague
85%
Europe 1968 Rotterdam
85%
Amérique 1972 San Francisco
85%
Europe 1979 Bucarest
82%
Asie 1997 Canton
82%
Asie 2024 Hô Chi Minh-Ville
82%
Amérique 2014 Panama
82%
Amérique 1974 São Paulo
82%
Asie 1974 Séoul
82%
Europe 1998 Sofia
82%
Amérique 1979 Atlanta
79%
Asie 2014 Bombay
79%
Asie 2019 Jakarta
79%
Asie 1996 Kuala Lumpur
79%
Asie 1987 Singapour
79%
Asie 1999 Bangkok
76%
Europe 1990 Gênes
76%
Asie 1966 Tbilissi
76%
Europe 1995 Bilbao
74%
Amérique 1983 Caracas
74%
Asie 2021 Hanoï
74%
Europe 1991 Lausanne
74%
Europe 1984 Minsk
74%
Amérique 1907 Philadelphie
74%
Amérique 2023 Quito
74%
Asie 2024 Riyad
74%
Asie 1996 Taipei
74%
Asie 1981 Erevan
71%
Asie 1979 Hong Kong
71%
Asie 1981 Kyoto
71%
Asie 1984 Manille
71%
Asie 1973 Pyongyang
71%
Asie 1967 Bakou
68%
Asie 1984 Calcutta
68%
Asie 2022 Dacca
68%
Asie 2019 Doha
68%
Amérique 1995 Medellín
68%
Asie 1985 Busan
62%
Asie 1994 Hiroshima
62%
Europe 1975 Kharkiv
62%
Europe 2024 Thessalonique
62%
Asie 2004 Wuhan
62%
Europe 1999 Catane
59%
Europe 1980 Newcastle
59%
Amérique 2023 Honolulu
56%
Asie 2004 Shenzhen
56%
Amérique 1986 Belo Horizonte
53%
Asie 2005 Chongqing
53%
Amérique 2020 Guadalajara
53%
Asie 2019 Macao
53%
Amérique 2009 Saint-Domingue
53%
Asie 2020 Lahore
50%
Amérique 1991 Monterrey
50%
Europe 1972 Nuremberg
50%
Amérique 1985 Recife
50%
Asie 1977 Tachkent
50%
Asie 2011 Bangalore
47%
Asie 2000 Izmir
47%
Asie 1957 Nagoya
44%
Asie 2018 Ürümqi
44%
Asie 2010 Chengdu
41%
Asie 1971 Sapporo
41%
Asie 1984 Tianjin
41%
Europe 2013 Brescia
38%
Asie 2015 Chennai
38%
Europe 2005 Kazan
38%
Asie 1977 Kobe
38%
Europe 1985 Nijni Novgorod
38%
Amérique 1983 Baltimore
35%
Asie 2011 Xi'an
35%
Amérique 1985 Porto Alegre
32%
Amérique 2014 Salvador
32%
Amérique 1955 Cleveland
29%
Asie 2017 Hyderabad
29%
Asie 1991 Iekaterinbourg
29%
Asie 2005 Nanjing
29%
Asie 2019 Ahmedabad
26%
Asie 2011 Almaty
26%
Europe 1995 Dnipro
26%
Asie 1981 Fukuoka
26%
Asie 1999 Incheon
26%
Asie 1997 Daegu
24%
Asie 2022 Pune
24%
Amérique 2004 San Juan
24%
Asie 2002 Bursa
21%
Asie 2015 Ispahan
21%
Asie 2015 Jaipur
21%
Asie 2015 Qingdao
21%
Asie 1972 Yokohama
21%
Asie 2024 Agra
18%
Asie 2013 Harbin
18%
Asie 1987 Sendai
18%
Asie 2017 Xiamen
18%
Asie 2009 Adana
15%
Asie 2012 Hangzhou
15%
Asie 2012 Kunming
15%
Asie 1986 Novossibirsk
15%
Europe 1987 Samara
15%
Asie 2016 Fuzhou
12%
Asie 2008 Kaohsiung
12%
Asie 2010 Shenyang
12%
Asie 2012 Suzhou
12%
Asie 2015 Tabriz
12%
Asie 2006 Daejeon
9%
Asie 2003 Dalian
9%
Asie 2016 Hefei
9%
Asie 2017 Lucknow
9%
Asie 2011 Machhad
9%
Asie 2016 Nanning
9%
Asie 2014 Ningbo
9%
Asie 2021 Taichung
9%
Asie 2019 Wenzhou
9%
Asie 2011 Changchun
6%
Asie 2014 Changsha
6%
Asie 2014 Chiraz
6%
Asie 2016 Dongguan
6%
Asie 2010 Foshan
6%
Asie 2017 Guiyang
6%
Asie 2004 Gwangju
6%
Asie 2019 Hohhot
6%
Asie 2019 Jinan
6%
Asie 2019 Lanzhou
6%
Asie 2022 Nantong
6%
Asie 2017 Shijiazhuang
6%
Asie 2020 Taiyuan
6%
Asie 2014 Wuxi
6%
Asie 2013 Zhengzhou
6%
Asie 2019 Changzhou
3%
Asie 2017 Cochin
3%
Asie 2022 Kanpur
3%
Asie 2023 Karadj
3%
Asie 2021 Luoyang
3%
Asie 2019 Nagpur
3%
Asie 2015 Nanchang
3%
Asie 2023 Navi Mumbai
3%
Asie 2021 Shaoxing
3%
Asie 2017 Taoyuan
3%
Asie 2013 Gurgaon
0%
Asie 2022 Jinhua
0%
Asie 2019 Noida
0%
Asie 2022 Taizhou
0%
Asie 2019 Xuzhou
0%
Aucun quiz correspondant
Distribution des résultats
% des personnes avec chaque résultat
Percentile par nombre de réponses
Votre historique - résultats
Vous n’avez pas pris ce quiz depuis la dernière actualisation